00514nam a2200169Ia 450000500170000000800410001702000150005808200130007310000160008624500400010226000390014230000130018150000300019494200060022495200990023099900150032920250509070954.0240331s9999 xx 000 0 und d a9559746103 bNEEa894 aNeelavanan, 0aOththikai :bneelavanan kavithaikal aColombobNannool Pathippagamc2001 a186 p ., aCollection of Tamil Poems cL 001040708LaWERCLbWERCLcSSCd2024-03-31l0o 894.811 NEEp4384r2024-03-31w2024-03-31yL c4320d4320